World resources 1992-93 : (Record no. 542188)

000 -LEADER
fixed length control field 00857mam a2200217 a 4500
020 ## - INTERNATIONAL STANDARD BOOK NUMBER
International Standard Book Number 0195062302
020 ## - INTERNATIONAL STANDARD BOOK NUMBER
International Standard Book Number 0195062310 (pbk.) :
082 ## - DEWEY DECIMAL CLASSIFICATION NUMBER
Classification number 338.9
Author Mark WOR
-- D
245 00 - TITLE STATEMENT
Title World resources 1992-93 :
Remainder of title a report /
Statement of responsibility, etc. by the World Resources Institute in collaboration with the United Nations Environment Programme and the United Nations Development Programme.
260 ## - PUBLICATION, DISTRIBUTION, ETC.
Place of publication, distribution, etc. New York :
Name of publisher, distributor, etc. Oxford University Press,
Date of publication, distribution, etc. 1992.
300 ## - PHYSICAL DESCRIPTION
Extent xiv, 385 p. :
Other physical details ill. ;
Dimensions 28 cm.
526 ## - STUDY PROGRAM INFORMATION NOTE
Program name 0
Interest level 0
Reading level 0
Title point value 338_900000000000000_WOR
650 #0 - SUBJECT ADDED ENTRY--TOPICAL TERM
Topical term or geographic name entry element Economic policy
General subdivision Environmental aspects.
9 (RLIN) 5380
650 #0 - SUBJECT ADDED ENTRY--TOPICAL TERM
Topical term or geographic name entry element Environmental policy.
650 #0 - SUBJECT ADDED ENTRY--TOPICAL TERM
Topical term or geographic name entry element MCE
9 (RLIN) 379
650 #0 - SUBJECT ADDED ENTRY--TOPICAL TERM
Topical term or geographic name entry element Natural resources.
710 2# - ADDED ENTRY--CORPORATE NAME
Corporate name or jurisdiction name as entry element United Nations Development Programme.
9 (RLIN) 37282
710 2# - ADDED ENTRY--CORPORATE NAME
Corporate name or jurisdiction name as entry element United Nations Environment Programme.
9 (RLIN) 6136
710 2# - ADDED ENTRY--CORPORATE NAME
Corporate name or jurisdiction name as entry element World Resources Institute.
9 (RLIN) 37283
942 ## - ADDED ENTRY ELEMENTS (KOHA)
Source of classification or shelving scheme
Koha item type Book
Holdings
Withdrawn status Lost status Source of classification or shelving scheme Damaged status Not for loan Permanent Location Current Location Date acquired Total Checkouts Full call number Barcode Date last seen Copy number Price effective from Koha item type
          Military College of Engineering (MCE) Military College of Engineering (MCE) 09/25/2013   338.9 WOR MCE-42986 09/25/2013 1 09/25/2013 Book
© 2023 Central Library, National University of Sciences and Technology. All Rights Reserved.